[Event "Wch U12"]
[Site "Maribor"]
[Date "2012.11.17"]
[Round "10.50"]
[White "Novy, Filip"]
[Black "Zuj Zaikovskis, Nikita"]
[Result "1-0"]
[WhiteElo "1824"]
[BlackElo "1744"]
[PlyCount "67"]
[EventDate "2012.11.08"]
[EventType "swiss"]
[EventRounds "11"]
[EventCountry "SLO"]
[SourceTitle "EXT 2013"]
[Source "ChessBase"]
[SourceDate "2012.11.22"]
[SourceVersion "1"]
[SourceVersionDate "2012.11.22"]
[SourceQuality "1"]

1. e4 e6 2. d4 d5 3. Nc3 Bb4 4. e5 c5 5. Bd2 cxd4 6. Nb5 Bf8 7. f4 Nc6 8. Nf3 Bc5 9. a3 a6 10. b4 Bf8 11. Nbxd4 Nge7 12. Bd3 g6 13. c3 Bg7 14. 0-0 0-0 15. g4 Bd7 16. g5 Nxd4 17. Nxd4 Nc8 18. Qg4 h5 19. gxh6 Bxh6 20. Kh1 Kh7 21. Rg1 Ne7 22. h4 Nf5 23. Be1 Rg8 24. Ra2 Nxd4 25. cxd4 Rc8 26. Rh2 Kh8 27. Bd2 f5 28. exf6 e5 29. f5 Bxd2 30. Rxd2 e4 31. Qg5 Qf8 32. fxg6 Rg7 33. Qh5+ Kg8 34. f7+ 1-0

[Event "Wch U12"]
[Site "Maribor"]
[Date "2012.11.12"]
[Round "5.65"]
[White "Zuj Zaikovskis, Nikita"]
[Black "Gombac, Matevz"]
[Result "1-0"]
[WhiteElo "1744"]
[BlackElo "1497"]
[PlyCount "43"]
[EventDate "2012.11.08"]
[EventType "swiss"]
[EventRounds "11"]
[EventCountry "SLO"]
[SourceTitle "EXT 2013"]
[Source "ChessBase"]
[SourceDate "2012.11.22"]
[SourceVersion "1"]
[SourceVersionDate "2012.11.22"]
[SourceQuality "1"]

1. e4 e5 2. Nf3 Nc6 3. d4 exd4 4. Nxd4 Qf6 5. Nxc6 Bc5 6. Qf3 dxc6 7. Nd2 Qxf3 8. gxf3 Ne7 9. Nb3 Bb6 10. c4 a6 11. c5 Ba7 12. Be3 Be6 13. 0-0-0 0-0 14. Be2 Rad8 15. f4 f5 16. f3 a5 17. Nxa5 b6 18. Bc4 Bxc4 19. Nxc4 b5 20. Ne5 Rfe8 21. Rxd8 Rxd8 22. Rd1 1-0

[Event "Wch U12"]
[Site "Maribor"]
[Date "2012.11.11"]
[Round "4.45"]
[White "Duerr, Florian"]
[Black "Zuj Zaikovskis, Nikita"]
[Result "1-0"]
[WhiteElo "1911"]
[BlackElo "1744"]
[PlyCount "83"]
[EventDate "2012.11.08"]
[EventType "swiss"]
[EventRounds "11"]
[EventCountry "SLO"]
[SourceTitle "EXT 2013"]
[Source "ChessBase"]
[SourceDate "2012.11.22"]
[SourceVersion "1"]
[SourceVersionDate "2012.11.22"]
[SourceQuality "1"]

1. e4 e6 2. d4 d5 3. Nc3 Bb4 4. a3 Bxc3+ 5. bxc3 Nf6 6. exd5 exd5 7. Bg5 0-0 8. Bd3 Re8+ 9. Ne2 Nbd7 10. 0-0 c6 11. Ng3 Qa5 12. Bd2 Qd8 13. Qf3 c5 14. Rfe1 c4 15. Bf5 Nf8 16. Bg5 Bxf5 17. Qxf5 N8d7 18. Nh5 Rxe1+ 19. Rxe1 Qa5 20. Bxf6 Qxc3 21. Rf1 Nxf6 22. Nxf6+ gxf6 23. Qxf6 Qxc2 24. Qg5+ Qg6 25. Qxd5 Re8 26. Qxc4 Qc6 27. Qb3 Rd8 28. Rd1 Qd5 29. Qd3 b5 30. Kf1 Qc4 31. Qxc4 bxc4 32. Ke2 Kf8 33. Ke3 Ke7 34. Rc1 Rc8 35. d5 c3 36. Kd3 Kd6 37. Rxc3 Rg8 38. g3 Rg5 39. Rc6+ Kxd5 40. Ra6 Rf5 41. f4 h5 42. h4 1-0

[Event "Wch U12"]
[Site "Maribor"]
[Date "2012.11.08"]
[Round "1.10"]
[White "Zuj Zaikovskis, Nikita"]
[Black "Chiang, Jonathan"]
[Result "1/2-1/2"]
[WhiteElo "1744"]
[BlackElo "2067"]
[PlyCount "58"]
[EventDate "2012.11.08"]
[EventType "swiss"]
[EventRounds "11"]
[EventCountry "SLO"]
[SourceTitle "EXT 2013"]
[Source "ChessBase"]
[SourceDate "2012.11.22"]
[SourceVersion "1"]
[SourceVersionDate "2012.11.22"]
[SourceQuality "1"]

1. e4 c5 2. Nf3 d6 3. Bb5+ Bd7 4. Bxd7+ Qxd7 5. 0-0 Nc6 6. c3 Nf6 7. Re1 g6 8. d4 cxd4 9. cxd4 d5 10. e5 Ne4 11. Nbd2 Nxd2 12. Bxd2 Bg7 13. Rc1 0-0 14. Qb3 Rac8 15. Re2 a6 16. a4 Rfe8 17. Ree1 Red8 18. Qd3 Rc7 19. Ng5 e6 20. Qh3 h6 21. Nf3 h5 22. b3 Rdc8 23. g4 hxg4 24. Qxg4 Ne7 25. Rxc7 Qxc7 26. Rc1 Qd7 27. Rb1 Nf5 28. h4 Rc2 29. Kg2 Qd8 1/2-1/2

[Event "Baltija Cup"]
[Site "Palanga"]
[Date "2012.06.22"]
[Round "7"]
[White "Zuj Zaikovskis, Nikita"]
[Black "Sidabras, Ignas"]
[Result "1/2-1/2"]
[WhiteElo "1782"]
[BlackElo "1631"]
[PlyCount "46"]
[EventDate "2012.06.19"]
[EventType "swiss"]
[EventRounds "8"]
[EventCountry "LTU"]
[SourceTitle "CBM 149 Extra"]
[Source "ChessBase"]
[SourceDate "2012.08.24"]
[SourceVersion "1"]
[SourceVersionDate "2012.08.24"]
[SourceQuality "1"]

1. e4 e6 2. d4 d5 3. e5 c5 4. c3 Nc6 5. Nf3 Qb6 6. a3 Bd7 7. b4 cxd4 8. cxd4 Nge7 9. Bb2 Nf5 10. g4 Nfe7 11. Rg1 h6 12. Nc3 Ng6 13. Na4 Qd8 14. Nc5 Bxc5 15. bxc5 b6 16. Rc1 bxc5 17. Rxc5 Rb8 18. Qd2 a6 19. Rc1 Na5 20. Rb1 Bb5 21. Bc3 Bxf1 22. Rxb8 Qxb8 23. Kxf1 Nc4 1/2-1/2

[Event "Baltija Cup"]
[Site "Palanga"]
[Date "2012.06.19"]
[Round "1"]
[White "Zuj Zaikovskis, Nikita"]
[Black "Samolins, Vitalijs"]
[Result "0-1"]
[WhiteElo "1782"]
[BlackElo "2412"]
[PlyCount "72"]
[EventDate "2012.06.19"]
[EventType "swiss"]
[EventRounds "8"]
[EventCountry "LTU"]
[SourceTitle "CBM 149 Extra"]
[Source "ChessBase"]
[SourceDate "2012.08.24"]
[SourceVersion "1"]
[SourceVersionDate "2012.08.24"]
[SourceQuality "1"]

1. e4 Nf6 2. Nc3 d5 3. exd5 Nxd5 4. Nxd5 Qxd5 5. Qf3 Qc5 6. c3 e5 7. Qe3 Be6 8. Nf3 Nc6 9. Qxc5 Bxc5 10. Bb5 Bd7 11. Bxc6 Bxc6 12. Nxe5 Bxg2 13. Rg1 Be4 14. d4 Bd6 15. f3 Bf5 16. h4 Be7 17. Rh1 f6 18. Ng4 Rd8 19. Be3 Kf7 20. 0-0-0 Bxg4 21. fxg4 h5 22. g5 fxg5 23. Rdf1+ Kg6 24. Bxg5 Bxg5+ 25. hxg5 Rhf8 26. Rhg1 Rxf1+ 27. Rxf1 Kxg5 28. Rf7 Rg8 29. Rxc7 h4 30. Rxb7 h3 31. Re7 h2 32. Re1 Rh8 33. Rh1 Kf4 34. d5 g5 35. Kd2 g4 36. d6 g3 0-1